000 01453cam a22004334i 4500
003 PE-LiUPU
005 20250731173154.0
008 150623s1948 xxua r 000 0 eng d
035 _a(Sirsi) a28349
040 _aPE-LiUPU
_bspa
_cPE-LiUPU
_erda
049 _aPRUA
082 0 4 _a286.709
_bW52
_221
100 1 _aWestphal, Barbara Osborne,
_d1907-,
_eautor.
245 1 2 _aA bride on the amazon /
_cOsborne Wespal.
264 1 _aTakoma Park, Washington, D. C. :
_bReview and Herald Pub. Assn.,
_c1948.
300 _a192 páginas :
_bilustraciones ;
_c21 centímetros
336 _atext
_2rdacontent
337 _aunmediated
_2rdamedia
338 _avolume
_2rdacarrier
505 0 _aA bride on the amazon.
526 _aSEG42
526 _aSEG41
526 _aSEG40
526 _aSEG39
526 _aP94
526 _aP87
526 _aP86
526 _aP85
526 _aP77
526 _aP76
526 _aP35
650 1 4 _aMisiones
_zBrasil.
650 2 4 _aAdventistas el Séptimo Día
_xMisiones.
942 _2ddc
_cBOOK
949 _a286.709 W52
_wDEWEY
_c1
_i12355
_lCCODEBUL1
_mBUL
_p00.00
_r0
_sY
_tBOOK
_u2015-06-24
_xBIBLIOTECA
_zUNKNOWN
_0COMPRA
_o.STAFF. Colección General
596 _a1
999 _a286.709 W52
_wDEWEY
_c35587
_i12355
_f2021-11-11
_g6
_lCCODEBUL1
_mBUL
_p10.00
_r0
_sY
_tBOOK
_u2015-6-24
_xTEOLOGIA
_PP35
_0COMPRA
_o.STAFF. Colección Teología
_d35587
980 _81
_gALBERTO SANCHEZ Responsable de Automatización